000 01642nam a2200265Ia 4500
999 _c50627
_d50627
001 17577
003 GE_BSU
005 20200220104303.0
008 181216s2015ge xx |||||||||||||| ||geo||
020 _a9789941462207
040 _cGE_BSU
041 _ageo
080 _a726:27-523.6(560) შ-93
100 _aშუგუროვი, ნ.მ.
_97193
245 _aხახულის ქართული მონასტერი /
_cშუგუროვი ნ.მ . რუსულიდან თარგმნა რევაზ დიასამიძემ ; რედ : მამია ფაღავა ; მალხაზ ჩოხარაძე .
264 _aბათუმი :
_bშოთა რუსთაველის უნიტის გამ-ბა,
_c2015.
300 _a35 გვ.:
_c20 სმ,
653 _aრელიგია
653 _aწიგნი დააინტერესებს ქართული ხელოვნების ისტორიის სპეციალისტებს,ასევე ეთნოგრაფებს,ისტორიკოსებს და ისტორიული სამხრეთ-საქართველოთი დაინტერესებულ პირებს.
653 _aხახულის ქართული მონასტერი
653 _aხელოვნება
700 _aფაღავა, მამია
_eრედაქტორი
_97194
700 _a ჩოხარაძე, მალხაზ
_eრედაქტორი
_97195
942 _cBK
_2udc